[Event "Sochi"]
[Site "Sochi"]
[Date "1982.??.??"]
[Round "11"]
[White "Hazai, Laszlo"]
[Black "Pigusov, Evgeny"]
[Result "1/2-1/2"]
[WhiteElo "2450"]
[BlackElo "2430"]

1.e4 c5 2.Nf3 Nc6 3.d4 cxd4 4.Nxd4 g6 5.c4 Nf6 6.Nc3 d6 7.Be2 Nxd4 8.Qxd4 Bg7
9.Bg5 O-O 10.Qd2 Be6 11.Rc1 Qa5 12.f3 Rfc8 13.b3  1/2-1/2

[Event "Sochi"]
[Site "Sochi"]
[Date "1982.??.??"]
[Round "11"]
[White "Romanishin, Oleg M"]
[Black "Chandler, Murray G"]
[Result "1-0"]
[WhiteElo "2585"]
[BlackElo "2505"]

1.d4 Nf6 2.Nf3 d5 3.c4 e6 4.Nc3 Be7 5.Bg5 h6 6.Bh4 O-O 7.e3 b6 8.Qc2 Bb7
9.Rd1 Ne4 10.Bg3 Nd7 11.Bd3 Nxg3 12.hxg3 Nf6 13.e4 Bb4 14.cxd5 exd5 15.e5 Ne4
16.O-O Ng5 17.Nxg5 Qxg5 18.Ne2 c5 19.a3 Ba5 20.Nf4 c4 21.Bf5 g6 22.Bd7 Rad8
23.Qa4 Qe7 24.Bg4 Qe8 25.Qc2 b5 26.b4 Bc7 27.Rfe1 Kg7 28.e6 Bxf4 29.gxf4 fxe6
30.Rxe6 Qf7 31.f5 gxf5 32.Qe2 Rfe8 33.Qe5+ Kg8 34.Bxf5 Bc8 35.Qg3+ Kf8 36.Rxe8+ Qxe8
37.Bxc8 Rxc8 38.Qd6+ Kg7 39.Qxd5 c3 40.Rc1 c2 41.Qb7+ Kg6 42.Qf3 Qe6 43.d5 Qf5
44.Qe2 Rc3 45.d6 Rxa3 46.Rxc2 Ra1+ 47.Kh2 Qf4+ 48.g3 Qxd6 49.Qe4+  1-0

[Event "Sochi"]
[Site "Sochi"]
[Date "1982.??.??"]
[Round "11"]
[White "Averkin, Orest N"]
[Black "Ftacnik, Lubomir"]
[Result "0-1"]
[WhiteElo "2450"]
[BlackElo "2535"]

1.d4 Nf6 2.Nf3 g6 3.Bg5 Bg7 4.Nbd2 d5 5.e3 O-O 6.Be2 c5 7.c3 Qb6 8.Qb3 Nc6
9.O-O Bf5 10.dxc5 Qxc5 11.a4 e5 12.Qb5 Qd6 13.Rfd1 Bc2 14.Nc4 Qe6 15.Rd2 a6
16.Qc5 Ne4 17.Qxd5 Nxd2 18.Qxd2 Bb3 19.Nb6 Rad8 20.Bxd8 Rxd8  0-1

[Event "Sochi"]
[Site "Sochi"]
[Date "1982.??.??"]
[Round "12"]
[White "Panchenko, Alexander N"]
[Black "Dvoirys, Semen I"]
[Result "1/2-1/2"]
[WhiteElo "2480"]
[BlackElo "2470"]

1.e4 e5 2.Nf3 Nc6 3.Bb5 a6 4.Bxc6 dxc6 5.O-O f6 6.d4 Bg4 7.dxe5 Qxd1 8.Rxd1 fxe5
9.Rd3 Bd6 10.Nbd2 Nf6 11.Nc4 Nxe4 12.Nfxe5 Be6 13.Re3 Bxe5 14.Rxe4 Bxc4 15.Rxe5+ Kd7
16.Bg5 Rae8 17.Rae1 Rxe5 18.Rxe5 Re8  1/2-1/2

[Event "Sochi"]
[Site "Sochi"]
[Date "1982.??.??"]
[Round "13"]
[White "Dvoirys, Semen I"]
[Black "Chandler, Murray G"]
[Result "1-0"]
[WhiteElo "2470"]
[BlackElo "2505"]

1.e4 c5 2.Nf3 d6 3.d4 Nf6 4.dxc5 Qa5+ 5.Bd2 Qxc5 6.Nc3 g6 7.Bd3 Bg7 8.b4 Qc7
9.h3 a6 10.O-O O-O 11.Rb1 e6 12.a4 b6 13.Qe2 Bb7 14.e5 dxe5 15.Qxe5 Rc8 16.Qxc7 Rxc7
17.Ne5 Nbd7 18.Nc4 Bf8 19.Nd1 Rac8 20.Nde3 Nh5 21.Rfd1 f5 22.Be1 Nhf6 23.f4 Nh5
24.g3 Bc6 25.Na3 Bb7 26.Bc4 Kf7 27.Bb3 Nhf6 28.Kh2 Ne4 29.Rd3 Bg7 30.Rbd1 Nf8
31.Nac4 b5 32.Nb6 Re8 33.g4 Ke7 34.axb5 axb5 35.c4 Bc6 36.c5 Rb8 37.Bh4+ g5
38.fxg5 Be5+ 39.Kg1 Ng6 40.Be1 Nf4 41.gxf5 Nxg5 42.Bh4 Nxh3+ 43.Kf1 Ke8 44.fxe6 Rg7
45.Nf5 Rg6 46.Nd7 Be4 47.Nxb8 Bxd3+ 48.Rxd3 Rf6 49.Nc6 Rxf5+ 50.Ke1 Bf6 51.Bxg5 Nxg5
52.e7 Bxe7 53.Re3 Kd7 54.Nxe7 Rf3 55.Nd5 Rxe3+ 56.Nxe3 Nf3+ 57.Kf2 Ne5 58.Nd5 Kc6
59.Ke3 h5 60.Nc3 h4 61.Bd5+ Kd7 62.Nxb5 h3 63.Nd4 h2 64.b5 Kc7 65.b6+ Kc8
66.b7+ Kc7 67.Ne6+  1-0

[Event "Sochi"]
[Site "Sochi"]
[Date "1982.??.??"]
[Round "13"]
[White "Razuvaev, Yuri S"]
[Black "Panchenko, Alexander N"]
[Result "1/2-1/2"]
[WhiteElo "2495"]
[BlackElo "2480"]

1.d4 Nf6 2.c4 e6 3.Nf3 d5 4.Nc3 c6 5.Bg5 Nbd7 6.e3 Qa5 7.Nd2 Bb4 8.Qc2 O-O
9.Bxf6 Nxf6 10.Bd3 dxc4 11.Nxc4 Qc7 12.O-O Rd8 13.Ne4 Nxe4 14.Bxe4 g6 15.Rac1 Bf8
16.Ne5 Bd7 17.a3 Be8 18.b4 Qe7 19.g3 f6 20.Nd3 Bf7 21.Qb1 a5 22.Nc5 axb4
23.axb4 e5 24.dxe5 fxe5 25.Qb2 Bd5 26.Bxd5+ cxd5 27.Rfd1 Bg7 28.Qb3 Qf7 29.Rc2 h6
30.e4 b6 31.Na4 b5 32.Nb6 dxe4 33.Qxf7+ Kxf7 34.Rc7+ Kg8 35.Rdd7 Rxd7 36.Rxd7 Ra1+
37.Kg2 Ra2 38.Nd5 h5 39.Rb7 Kf8 40.Rxb5 Rb2 41.Rb8+ Kf7 42.Rb7+ Ke6 43.Ne3 Bh6
44.Rb6+ Ke7 45.Nc4 Rc2 46.Nxe5 Be3 47.Nxg6+  1/2-1/2

[Event "Sochi"]
[Site "Sochi"]
[Date "1982.??.??"]
[Round "13"]
[White "Semkov, Semko"]
[Black "Ftacnik, Lubomir"]
[Result "1/2-1/2"]
[WhiteElo "2375"]
[BlackElo "2535"]

1.d4 Nf6 2.c4 g6 3.Nf3 Bg7 4.g3 O-O 5.Bg2 d5 6.O-O dxc4 7.Na3 c3 8.bxc3 c5
9.Nc4 Nc6 10.Bb2 Qc7 11.Nce5 Rd8 12.Nxc6 bxc6 13.Nd2 Rb8 14.Qc2 e5 15.e3 Bf5
16.e4 Be6 17.dxe5 Ng4 18.c4 Bxe5 19.Bxe5 Qxe5 20.Nb3 Qh5 21.h3 Ne5 22.g4 Qh6
23.Qc1 g5 24.Nxc5 Bxc4 25.Rd1 Rxd1+ 26.Qxd1 Qf6 27.Rc1 Rd8 28.Qc2 Qf4 29.Rd1 Rxd1+
30.Qxd1 Bxa2 31.Qa1 a5 32.Qd4 Bc4 33.Qd8+ Kg7 34.Qxa5 Qc1+ 35.Kh2 Bb5 36.Qd8 Qf4+
37.Kg1 h6 38.Nd7 Qc1+ 39.Kh2 Qf4+ 40.Kg1 Nxd7 41.Qxd7 Qc1+ 42.Kh2 Qf4+ 43.Kg1 Qe5
44.Kh1 Ba4 45.Kg1 Qa1+ 46.Kh2 c5 47.Qf5 Qd4 48.e5 Bd7 49.Qf6+ Kg8 50.Kg1 Be6
51.Qxh6 Qxe5 52.Be4 Qg7 53.Qh5 c4 54.h4 gxh4 55.Bf5 Qa1+ 56.Kg2 h3+ 57.Qxh3 Bd5+
58.f3 Qb2+ 59.Kf1 Qd4 60.Ke2 Qe5+ 61.Kd2 Qf4+ 62.Ke2 Kf8 63.Qh8+ Ke7 64.Qh4+ Ke8  1/2-1/2

[Event "Sochi"]
[Site "Sochi"]
[Date "1982.??.??"]
[Round "14"]
[White "Ftacnik, Lubomir"]
[Black "Pigusov, Evgeny"]
[Result "1/2-1/2"]
[WhiteElo "2535"]
[BlackElo "2430"]

1.d4 Nf6 2.Nf3 e6 3.c4 d5 4.Nc3 Be7 5.Bg5 h6 6.Bh4 O-O 7.e3 b6 8.Rc1 Bb7
9.Be2 c5 10.cxd5 Nxd5 11.Bxe7 Qxe7 12.dxc5 Qxc5 13.O-O Qb4 14.Qd2 Nxc3 15.Rxc3 Na6
16.a3 Qe7 17.Qc2 Rac8 18.Rc1 Rxc3 19.Qxc3 Nc5 20.b4 Nd7 21.Qb3 Nf6 22.Nd4 Qd7
23.Bb5  1/2-1/2

[Event "Sochi"]
[Site "Sochi"]
[Date "1982.??.??"]
[Round "14"]
[White "Chandler, Murray G"]
[Black "Razuvaev, Yuri S"]
[Result "1/2-1/2"]
[WhiteElo "2505"]
[BlackElo "2495"]

1.e4 c5 2.Nf3 e6 3.d4 cxd4 4.Nxd4 Nf6 5.Nc3 d6 6.Be2 Be7 7.O-O O-O 8.f4 Nc6
9.Be3 e5 10.Nb3 exf4 11.Bxf4 Be6 12.Kh1 d5 13.e5 Nd7 14.Nxd5 Ndxe5 15.c4  1/2-1/2

[Event "Sochi"]
[Site "Sochi"]
[Date "1982.??.??"]
[Round "15"]
[White "Romanishin, Oleg M"]
[Black "Ftacnik, Lubomir"]
[Result "1/2-1/2"]
[WhiteElo "2585"]
[BlackElo "2535"]

1.e4 c5 2.Nc3 d6 3.g3 Nc6 4.Bg2 g6 5.d3 Bg7 6.Nh3 Nf6 7.O-O O-O 8.Kh1 Nd4
9.f4 Bg4 10.Qd2 e5 11.Ng1 Bc8 12.Nd1 exf4 13.gxf4 d5 14.c3 Nc6 15.Qf2 dxe4
16.dxe4 Qe7 17.Qh4 Re8 18.Ne3 Ng4 19.Qxe7 Nxe7 20.Nc4 Rd8 21.h3 Nh6 22.Nf3 f6
23.Be3 Be6 24.b3 b6 25.Rad1 Nf7 26.Na3 f5 27.e5 Rxd1 28.Rxd1 Nd5 29.Ng5 Nxe3
30.Bxa8 Nxd1 31.Nxe6 Nxc3 32.Nc4 Bf8 33.a4 Be7 34.Ne3 Nd8 35.Nc7 Kf8 36.Ned5 Nxd5
37.Bxd5 Bh4 38.Kg2  1/2-1/2

[Event "Sochi"]
[Site "Sochi"]
[Date "1982.??.??"]
[Round "15"]
[White "Hazai, Laszlo"]
[Black "Chandler, Murray G"]
[Result "1/2-1/2"]
[WhiteElo "2450"]
[BlackElo "2505"]

1.e4 d6 2.d4 Nf6 3.Nc3 g6 4.Nf3 Bg7 5.Be2 O-O 6.O-O Bg4 7.Be3 Nc6 8.Qd2 e5
9.dxe5 dxe5 10.Rad1 Qc8 11.Qc1 Rd8 12.Rxd8+ Qxd8 13.Rd1 Qf8  1/2-1/2